| 000 | 01101cam a22003497a 4500 | ||
|---|---|---|---|
| 003 | CHAP | ||
| 005 | 20220817043211.0 | ||
| 008 | 971013s1988 r 00010 d | ||
| 010 | _a68377 | ||
| 011 | _a69349 | ||
| 035 | _a78825 | ||
| 040 | _cCHAP | ||
| 090 | _aFolleto 11131 | ||
| 100 | 0 | 0 |
_aTorres Barrientos, B. Indalecio. _9114045 |
| 245 | 0 | _aProducción de leche y carne de bovinos en el trópico mexicano - panorama actual | |
| 260 |
_aMéxico, D. F. : _bFIRA, _c1988 |
||
| 300 |
_a35 p. _b: ilus. |
||
| 410 | _aFIRA | ||
| 490 | 0 |
_aBoletin informativo _v; XIX (193) |
|
| 590 |
_aBATCH-UPD _b10 _c20130110 _lUCH01 _h1315 |
||
| 590 |
_aBATCH-UPD _b10 _c20130410 _lUCH01 _h0827 |
||
| 590 |
_aBATCH-UPD _b10 _c20130914 _lUCH01 _h0649 |
||
| 590 |
_aCONVERSION _b10 _c20130109 _lUCH01 _h1338 |
||
| 650 | 1 | 4 |
_aCarne _xProducción. _919109 |
| 650 | 1 | 4 |
_aGanado vacuno _xTrópicos. _945522 |
| 650 | 1 | 4 |
_aLeche _xProducción. _965400 |
| 810 |
_aFIRA _941029 |
||
| 830 | 0 |
_aBoletin informativo _v; XIX (193) |
|
| 901 | _aBK | ||
| 942 | _cFOLL | ||
| 949 |
_aFolleto 11131 _bBC _cFOLL _d-31700 _eTS1 _i78825 _si |
||
| 999 |
_c68377 _d68377 |
||